Statusové usporiadanie slovenskej spoločnosti

Analýza sociálneho statusu a triedy. Statusové usporiadanie slovenskej spoločnosti.

Salvato in:
Dettagli Bibliografici
Autore principale: Bunčák, Ján
Altri autori: Hrabovská, Anna, Sopóci, Ján
Natura: Capitolo di libro
Lingua:slovacco
Soggetti:
Tags: Aggiungi Tag
Nessun Tag, puoi essere il primo ad aggiungerne!!

MARC

LEADER 00000naa a2200000 4500
001 0240972
005 20221104112410.9
041 0 |a slo 
044 |a SK 
245 1 0 |a Statusové usporiadanie slovenskej spoločnosti  |c Ján Bunčák, Anna Hrabovská, Ján Sopóci 
520 |a Analýza sociálneho statusu a triedy. Statusové usporiadanie slovenskej spoločnosti. 
610 2 0 |a Slovensko 
610 2 0 |a spoločnosť 
610 2 0 |a stratifikácia sociálna 
610 2 0 |a analýza empirická 
100 1 |a Bunčák, Ján 
700 1 |a Hrabovská, Anna 
700 1 |a Sopóci, Ján